000 00543nam a22001697a 4500
005 20251108164131.0
008 250721s1997 xx 000 0 ara d
082 1 4 _a347.4/مصر
100 1 _aالمصري، محمد محمود
245 1 0 _aالفسخ و الإنفساخ و التفاسخ في ضوء القضاء و الفقه /
264 1 _aالاسكندرية :
_bدار المطبوعات،
_c1997.
300 _a315ص
650 1 7 _aالعقود
700 1 _aعابدين، محمد أحمد
942 _2ddc
_cBK
999 _c4463
_d4463